La pequeña agricultura: una reserva de potencialidades y una deuda social

Saved in:
Bibliographic Details
Main Authors: Echenique Larraín, Jorge (Author), Rolando N., Nelson (Author)
Format: Book
Language:Spanish
Published: Santiago Agraria 1989
Subjects:
Tags: Add Tag
No Tags, Be the first to tag this record!

MARC

LEADER 00000nam a2200000 a 4500
001 UCV7188
003 CL-VaPUC
008 890529e19890000CL |||||||||||||||||spa|d
082 0 4 |a 338.1883  |b ECH  |2 21 
100 |a Echenique Larraín, Jorge  |e author  |9 555029 
700 0 |a Rolando N., Nelson  |e author  |9 301230 
245 1 3 |a La pequeña agricultura: una reserva de potencialidades y una deuda social 
300 |a 193 p 
942 |c BK 
945 |d 19890529 00:00:00 
260 |a Santiago  |b Agraria  |c 1989 
650 7 |a EXPLOTACION AGRICOLA EN PEQUEÑA ESCALA  |2 CL-VaPUC  |9 264309 
650 7 |a ESTADISTICA AGROPECUARIA  |2 CL-VaPUC  |9 264310 
651 7 |a CHILE  |2 CL-VaPUC  |9 301231 
583 |a last modification  |c 19890529 00:00:00  |k Rodrigo Vera 
999 |c 212908  |d 212906